000 01142nam a22003617a 4500
001 BR6006808
003 BR-BrBNA
005 20230928083248.0
007 ta
008 230509b bl.||||| |||| 00| 0 por d
040 _aBR-BrBNA
_bpor
_cBiblioteca Nacional de Agricultura
041 _a(Por)
072 _aF00; F30; F25
_b0150
_b0120
_b1410
_b0180
_b0820
_b/G514
090 _ 0150 BR6006808
100 1 _aPinto, D.S.
100 1 _aCaldas Junior, W.
100 1 _aRamiro, A.R.D.
100 1 _aSa, G.G. de
110 1 _aCompanhia de Desenvolvimento do Vale do Sao Francisco, Brasilia, DF (Brasil)
_92357
245 1 _aRelatorio de atividades de pesquisa na Regiao de Barreiras - BA: Area prioritaria do Rio Corrente. Arroz; Milho; Feijao; Trigo; Melancia [Brasil]
_bAno agricola de 1973. Estacao Seca
260 3 _a[np](Brasil):
_c1973.
300 _a92 p.
650 _aARROZ SEQUEIRO
650 _aCOMPETICAO DE VARIEDADE
650 _aMILHO
650 _aFEIJAO
650 _aTRIGO
650 _aMELANCIA
650 _aPRATICA CULTURAL
650 _aBARREIRAS
909 _a202309
_bLucia
_c55
_dLucia Elande
942 _cBK
999 _c12456
_d12456